000 00293nam a2200121Ia 4500
008 190216s9999||||xx |||||||||||||| ||und||
100 _aShanmughan S N
245 0 _aSasyasamrakshana Thathuangal
260 _bKerala Bhasha Institute
_c1974
300 _a700p
650 _aBotany
942 _cBK
999 _c37884
_d37884